| 000 | 00764nam a22002537a 4500 | ||
|---|---|---|---|
| 999 |
_c126945 _d126945 |
||
| 003 | dpl | ||
| 005 | 20181109133325.0 | ||
| 008 | 181109b ||||| |||| 00| 0 eng d | ||
| 010 | _aA-939220, A-939229 | ||
| 020 |
_c225.00 _a8120312643 |
||
| 035 | _aA-939220, A-939229 | ||
| 037 | _aCen Lib/Ret | ||
| 040 |
_aDPL _bEN _c0 |
||
| 082 |
_a341 _bVER |
||
| 100 |
_aVerma, S.K. _918936 |
||
| 245 |
_aIntroduction to public international law / _cby S.K. Verma |
||
| 260 |
_aNew Delhi _bPrentice hall of India _c1998 |
||
| 270 |
_aM-97, Cannaught place _bNew Delhi _e110040 |
||
| 300 |
_axiii,474p. _c22cm(Hb) |
||
| 500 | _aIncludes index | ||
| 650 |
_aLaw _9104 |
||
| 650 |
_aPublic international law _918937 |
||
| 942 |
_2ddc _cEN _h341 _mVER |
||